zpět

Detail výsledku týmu

R.A.M., Jablonec nad Nisou

Datum a čas kvízu

28.5 Celkem bodů Celkový počet nahraných bodů na tomto kvízu bez doplňovacích otázek.
11. Pořadí na kvízu Konečné umístění týmu na tomto kvízu.

Zaznamenané odpovědi

# Otázka Odpověď Body Výsledky
1. Na sociálních sítích se minulý... v Pardubicích 1
2. V uplynulém týdnu odstartovala... Donald Trump 1
3. Na téměř magické datum 22. 2.... o Krkonoších 1
4. V pondělí představila společno... příchuť vesmíru 0
5. Bývalá česká atletka by se s n... Denisa Helceletová (Rosolová) 0
6. Začneme z našeho pohledu nejzn... Bylo mu 38 let. (Uznáváme 36–40 let.) 0
7. Na Adolfa Hitlera bylo spáchán... Stauffenberg 0
8. Fanny Kaplanová byla ruskou po... B 0
9. Jak se jmenoval jediný novodob... Alois Rašín 0
10. Poslední bod tohoto tématu roz... Bénazír Bhuttová, Pákistán 0